| 000 | 00715cab a2200229 4500 | ||
|---|---|---|---|
| 001 | WB2638-41 | ||
| 008 | 090401t1990 xxu||||| |||| 00| 0 eng d | ||
| 035 | _a(Sirsi) u70612 | ||
| 041 | _aeng | ||
| 245 | _aService charges | ||
| 260 | _c1990 | ||
| 350 | _a0 | ||
| 490 |
_aEstates Gazette _v(9038) 22/9/90 p121 |
||
| 520 | _aDiscusses the case of Reston Ltd v Hudson (1990 37 EG 86) which illustrated how careful drafting of service charge clauses can avoid disputes. | ||
| 650 | _aLANDLORD AND TENANT ACT 1985 S19 | ||
| 650 | _aLANDLORD AND TENANT ACT 1985 S20 | ||
| 650 | _aLEASES | ||
| 650 | _aSELLA HOUSE LTD V MEARS | ||
| 690 | _aPROPERTY-LANDLORD AND TENANT | ||
| 942 | _n0 | ||
| 948 | _c04/03/1997 | ||
| 999 |
_c44428 _d44428 |
||